| 000 | 02295nam a22003257a 4500 | ||
|---|---|---|---|
| 003 | OSt | ||
| 005 | 20260421082251.0 | ||
| 008 | 260306b |||||||| |||| 00| 0 eng d | ||
| 020 | _a9789952343984 | ||
| 040 |
_aAz-XaKU _baze _cAz-XaKU |
||
| 041 | _aaze | ||
| 050 | _aML3693 .A9 .H12771 2019 | ||
| 100 |
_aHacıbəyli, Üzeyir, _d1885 - 1948, _emüəllif. |
||
| 245 |
_aAzərbaycan xalq musiqisinin əsasları _b: XX əsr Azərbaycan musiqi elminin abidələri _c/ Üzeyir Hacıbəyli |
||
| 264 |
_aBakı: _bŞərq-Qərb, _c2019. |
||
| 300 |
_a360 səhifə ; _c24.5 sm. |
||
| 500 | _aÜzeyir Hacıbəyli adına Bakı Musiqi Akademiyasının 100 illiyi münasibətilə | ||
| 504 | _aÜzeyir Hacıbəyli haqqında xatirələr: səh. 358 | ||
| 520 | _aKitabda "Azərbaycan musiqi elminin abidələri" silsiləsindən Azərbaycanın dahi bəstəkarı və musiqişünas-alimi, pedaqoqu, dramaturqu və ictimai xadimi Üzeyir bəy Hacıbəylinin elmi irsi əhatə olunub. Burada Ü.Hacıbəylinin elmi yaradıcılığının və XX əsr Azərbaycan musiqi elminin şah əsəri olan "Azərbaycan xalq musiqisinin əsasları" elmi-fundamental əsəri, elmi və publisistik məqalələri öz əksini tapmışdır. Kitaba Ümummilli liderimiz Heydər Əliyevin, həmçinin görkəmli musiqi xadimlərimizin Üzeyir Hacıbəyliyə həsr olunmuş məruzə və məqalələri daxil edilmişdir ki, bu da Üzeyir bəyin XX əsr Azərbaycan musiqi mədəniyyətində tarixi rolunun dəyərləndirilməsinə və müasir dövrdə milli musiqimizin inkişafında əhəmiyyətinin daha dərindən qavranılmasına və qiymətləndirilməsinə istiqamət verir. | ||
| 521 | _aBu nəşr Azərbaycan ənənəvi musiqisinin və bəstəkar yaradıcılığının tədrisi və tədqiqi ilə məşğul olan peşəkar musiqiçilərə bütün dünyada Azərbaycan musiqisi ilə maraqlananlara ünvanlanır. | ||
| 650 |
_2Az-XaKU _aXalq musiqisi _zAzərbaycan |
||
| 655 | _aDərsliklər | ||
| 700 |
_aMəmmədov, Tariyel, _eideya müəllifi, tərtibçi və məsul redaktor. |
||
| 700 |
_aBədəlbəyli, Fərhad, _esədr. |
||
| 700 |
_aHüseynov, Rafael, _eelmi redaktor. |
||
| 700 |
_aTağızadə, Aida, _erəyçi. |
||
| 700 |
_aBakıxanov, Tofiq, _erəyçi. |
||
| 942 | _cBOOK | ||
| 999 |
_c139 _d139 |
||